00774nam a2200205 i 450000100060000000300090000600500170001500700030003200800410003510000340007624500670011026000330017730000300021049000450024065100590028583000530034485200320039799900170042995201220044636727ES-MaACL20250805063237.0t|030219s1973 sp ||||1| spa d1 aBravo Morata, Federico93149513aLa proclamación de la República / cFederico Bravo Morata. aMadrid : bFenicia, c[1973] a176 p. : bil. ; c18 cm.1 aColección España, España... ; v13 4aEspaña-xHistoria-y1931-1939, II República.982830 aColección España, España... ; v139181656 aES-MaACLjC-55831 bR.88614 c36727d36727 00104070aATENEOMbATENEOMcDEPO2d2008-01-17eSCl0oC-55831p1038606r2023-02-23 00:00:00w2023-02-23yMONOGRAFIA